Kapitoly z psychologie dospívání

Bibliographic Details
Main Author: Kon, Igor Semjonovič (Author)
Other Authors: Polanský, Miloslav, 1928- (Translator), Jaroš, Milan, 1953- (Bookjacket designer)
Format: Book
Language:Czech
Russian
PhysicalDescription:181 s. 20 cm
Published: Praha Státní pedagogické nakladatelství 1986
Edition:1. vyd.
Series:Psychologická literatura
Subjects:

MARC

LEADER 00000nam a2200000 a 4500
001 vtls001279112
003 SK-MaSNL
005 20260301195525.0
008 240313s1986 xr 0 000 cze
035 |a SNK000230454 
040 |a SNK  |b slo  |c SNK  |e AACR2 
041 1 |a cze  |h rus 
044 |a xr  |c CZ 
080 |a 159.922.8  |2 2001 
100 1 |a Kon, Igor Semjonovič  |4 aut  |9 465091 
245 1 |a Kapitoly z psychologie dospívání  |c I. S. Kon ; přeložil Miloslav Polanský ; obálka Milan Jaroš 
250 |a 1. vyd. 
260 |a Praha  |b Státní pedagogické nakladatelství  |c 1986 
300 |a 181 s.  |c 20 cm 
490 1 |a Psychologická literatura 
504 |a Bibliogr. odkazy 
650 0 7 |a psychológia dieťaťa  |2 SNKPH  |9 1793 
650 0 7 |a dospievanie  |2 SNKPH  |9 654 
700 1 |a Polanský, Miloslav,  |d 1928-  |4 trl  |9 123112 
700 1 |a Jaroš, Milan,  |d 1953-  |4 bjd  |9 577548 
830 0 |a Psychologická literatura  |9 362468 
958 |a OND 
999 |c 886104  |d 888034 
952 |t P60, <04>, [BOOK], {604}  |a SNK  |b SNK  |y VYP  |7 0  |p 17A0053679  |o snkID 84179  |0 0  |1 0  |4 0  |d 1997-03-07  |l 0  |r 2005-01-02 00:00:00  |w 2026-02-24 
952 |t P60, <04>, [BOOK], {604}  |a SNK  |b SNK  |y VYP  |7 0  |p 17A0268915  |o snkID 84179 D1  |0 0  |1 1  |4 0  |d 2001-02-12  |l 0  |r 2005-01-02 00:00:00  |w 2026-02-24